[Event "Xativa Murta op 2nd"]
[Site "Xativa"]
[Date "2016.08.23"]
[Round "2"]
[White "Cortes Marti, Javier"]
[Black "La Orden Garcia, Raquel"]
[Result "1-0"]
[WhiteElo "2082"]
[BlackElo "1611"]
[PlyCount "83"]
[EventDate "2016.08.22"]
[EventType "swiss"]
[EventRounds "9"]
[EventCountry "ESP"]
[SourceTitle "CBM 174 Extra"]
[Source "ChessBase"]
[SourceDate "2016.10.10"]
[SourceVersion "1"]
[SourceVersionDate "2016.10.10"]
[SourceQuality "1"]

1. d4 Nf6 2. c4 g6 3. Nc3 Bg7 4. e4 d6 5. f3 Nbd7 6. Nh3 0-0 7. Be3 c5 8. d5 Re8 9. Qd2 Nf8 10. Nf2 a6 11. Be2 e6 12. a4 exd5 13. cxd5 Qa5 14. 0-0 N8d7 15. h3 Nh5 16. Kh2 f5 17. f4 Bxc3 18. bxc3 Nhf6 19. exf5 gxf5 20. Bd3 Nf8 21. c4 Qc7 22. Rae1 Qg7 23. g3 Ng6 24. Rg1 Qh6 25. Kg2 Bd7 26. Qc2 Ne4 27. Bxe4 fxe4 28. f5 Qh5 29. fxg6 Qf3+ 30. Kh2 hxg6 31. a5 Re5 32. g4 Kg7 33. Rg3 Qf6 34. Nxe4 Qh4 35. Nf2 Rae8 36. Qd2 Rh8 37. Bf4 Rxe1 38. Qxe1 Qf6 39. Bd2 Re8 40. Ne4 Qd8 41. Qa1+ Kf8 42. Qh8+ 1-0